<?xml version="1.0" encoding="UTF-8"?><marc:collection xmlns:marc="http://www.loc.gov/MARC21/slim">
  <marc:record>
    <marc:leader>00000cas  2200000za 4500</marc:leader>
    <marc:controlfield tag="001">9.500166</marc:controlfield>
    <marc:controlfield tag="003">CaOODSP</marc:controlfield>
    <marc:controlfield tag="005">20260513145558</marc:controlfield>
    <marc:controlfield tag="007">cr |||||||||||</marc:controlfield>
    <marc:controlfield tag="008">150406c19979999oncwr p o    f0   b0fre| </marc:controlfield>
    <marc:datafield tag="022" ind1=" " ind2=" ">
      <marc:subfield code="a">1494-6076</marc:subfield>
    </marc:datafield>
    <marc:datafield tag="040" ind1=" " ind2=" ">
      <marc:subfield code="a">CaOODSP</marc:subfield>
      <marc:subfield code="b">fre</marc:subfield>
    </marc:datafield>
    <marc:datafield tag="041" ind1=" " ind2=" ">
      <marc:subfield code="a">fre</marc:subfield>
      <marc:subfield code="a">eng</marc:subfield>
    </marc:datafield>
    <marc:datafield tag="043" ind1=" " ind2=" ">
      <marc:subfield code="a">n-cn---</marc:subfield>
    </marc:datafield>
    <marc:datafield tag="086" ind1="1" ind2=" ">
      <marc:subfield code="a">SP2-1-PDF</marc:subfield>
    </marc:datafield>
    <marc:datafield tag="086" ind1="1" ind2=" ">
      <marc:subfield code="a">SP2-3-PDF</marc:subfield>
    </marc:datafield>
    <marc:datafield tag="245" ind1="0" ind2="0">
      <marc:subfield code="a">Canada gazette. Part I </marc:subfield>
      <marc:subfield code="h">[ressource électronique] = </marc:subfield>
      <marc:subfield code="b">Gazette du Canada. Partie I.</marc:subfield>
    </marc:datafield>
    <marc:datafield tag="246" ind1="1" ind2="1">
      <marc:subfield code="a">Gazette du Canada. Partie I</marc:subfield>
    </marc:datafield>
    <marc:datafield tag="246" ind1="3" ind2=" ">
      <marc:subfield code="a">Gazette du Canada. </marc:subfield>
      <marc:subfield code="n">Partie I. </marc:subfield>
      <marc:subfield code="p">Édition spéciale</marc:subfield>
    </marc:datafield>
    <marc:datafield tag="260" ind1=" " ind2=" ">
      <marc:subfield code="a">[Ottawa] : </marc:subfield>
      <marc:subfield code="b">Imprimeur de la Reine, </marc:subfield>
      <marc:subfield code="c">[1997]-</marc:subfield>
    </marc:datafield>
    <marc:datafield tag="310" ind1=" " ind2=" ">
      <marc:subfield code="a">Hebdomadaire</marc:subfield>
    </marc:datafield>
    <marc:datafield tag="362" ind1="1" ind2=" ">
      <marc:subfield code="a">Paraît depuis : vol. 131, no. 36 (le samedi 6 septembre 1997).</marc:subfield>
    </marc:datafield>
    <marc:datafield tag="500" ind1=" " ind2=" ">
      <marc:subfield code="a">Depuis le 1er avril 2003, la version en direct en format de document portable (PDF) des parties I, II et III de la Gazette du Canada a le statut officiel et, par conséquent, sera publiée en même temps que la version imprimée. Veuillez noter que tous les numéros en direct publiés avant le 1er avril 2003, n'auront pas ce statut officiel.</marc:subfield>
    </marc:datafield>
    <marc:datafield tag="520" ind1="3" ind2=" ">
      <marc:subfield code="a">Comprend des avis publics, des nominations officielles et des règlements projetés provenant du Gouvernement ainsi que divers avis publics provenant du secteur privé, qui doivent être publiés en vertu d'une loi fédérale ou d'un règlement fédéral.</marc:subfield>
    </marc:datafield>
    <marc:datafield tag="546" ind1=" " ind2=" ">
      <marc:subfield code="a">Texte en français et en anglais.</marc:subfield>
    </marc:datafield>
    <marc:datafield tag="692" ind1="0" ind2="7">
      <marc:subfield code="2">gccst</marc:subfield>
      <marc:subfield code="a">Législation</marc:subfield>
    </marc:datafield>
    <marc:datafield tag="692" ind1="0" ind2="7">
      <marc:subfield code="2">gccst</marc:subfield>
      <marc:subfield code="a">Réglementation</marc:subfield>
    </marc:datafield>
    <marc:datafield tag="710" ind1="1" ind2=" ">
      <marc:subfield code="a">Canada. </marc:subfield>
      <marc:subfield code="b">Imprimeur de la Reine.</marc:subfield>
    </marc:datafield>
    <marc:datafield tag="776" ind1="0" ind2="#">
      <marc:subfield code="t">Canada gazette. Part I </marc:subfield>
      <marc:subfield code="w">(CaOODSP)9.508738</marc:subfield>
    </marc:datafield>
    <marc:datafield tag="788" ind1=" " ind2=" ">
      <marc:subfield code="t">Canada gazette. Part I </marc:subfield>
      <marc:subfield code="e">eng</marc:subfield>
      <marc:subfield code="w">(CaOODSP)9.500165</marc:subfield>
    </marc:datafield>
  </marc:record>
</marc:collection>
